LIBRARY ONLINE CATALOGUE

A Guidebook to intellectual property / (Record no. 3954)

MARC details
000 -LEADER
fixed length control field 00784nam a22002412 4500
001 - CONTROL NUMBER
control field 0000019492
005 - DATE AND TIME OF LATEST TRANSACTION
control field 20151217145916.0
008 - FIXED-LENGTH DATA ELEMENTS--GENERAL INFORMATION
fixed length control field 101221s xx 000 0 eng d
020 ## - INTERNATIONAL STANDARD BOOK NUMBER
International Standard Book Number 0421799803 :
040 ## - CATALOGING SOURCE
Original cataloging agency KABU
Transcribing agency KABU
100 1# - MAIN ENTRY--PERSONAL NAME
Personal name Jacob, Robin.
-- 0000179216
245 12 - TITLE STATEMENT
Title A Guidebook to intellectual property /
Statement of responsibility, etc. Robin Jacob, Daniel Alexander, Lindsay Lane.
250 ## - EDITION STATEMENT
Edition statement 5th ed.
260 ## - PUBLICATION, DISTRIBUTION, ETC. (IMPRINT)
Place of publication, distribution, etc. London :
Name of publisher, distributor, etc. Sweet and Maxwell.,
Date of publication, distribution, etc. 2004.
300 ## - PHYSICAL DESCRIPTION
Extent xxii, 261 p.
650 #0 - SUBJECT ADDED ENTRY--TOPICAL TERM
Topical term or geographic name as entry element Intellectual property
Geographic subdivision Great Britain.
-- 0000158680
650 #0 - SUBJECT ADDED ENTRY--TOPICAL TERM
Topical term or geographic name as entry element Copyright
Geographic subdivision Great Britain.
-- 0000156586
700 1# - ADDED ENTRY--PERSONAL NAME
Personal name Alexander, Daniel.
-- 0000179217
700 1# - ADDED ENTRY--PERSONAL NAME
Personal name Lane, Lindsay.
-- 0000179218
852 1# - LOCATION
-- p2860 KES
908 ## - PUT COMMAND PARAMETER (RLIN)
Put command parameter 101221
950 ## - LOCAL HOLDINGS (RLIN)
-- 1
Holdings
Withdrawn status Lost status Source of classification or shelving scheme Not for loan Home library Current library Date acquired Total Checkouts Full call number Barcode Date last seen Price effective from Koha item type
    Library of Congress Classification   Kabarak, Main Campus Kabarak, Main Campus 17/12/2015   KD1269 .J33 2004 c.1 23171 17/12/2015 17/12/2015 General Collection